|
|
|
|
| LEADER |
00000nam0a2200000 4500 |
| 001 |
101943 |
| 005 |
20231031112813.0 |
| 010 |
|
|
|a 5648009623
|
| 035 |
|
|
|a (RuTPU)RU\TPU\book\109937
|
| 090 |
|
|
|a 101943
|
| 100 |
|
|
|a 20060918d1990 km y0rusy50 ca
|
| 101 |
0 |
|
|a rus
|
| 102 |
|
|
|a UZ
|
| 105 |
|
|
|a a z 001zy
|
| 200 |
1 |
|
|a Адсорбция , устойчивость, структурообразование в минеральных дисперсиях
|e сборник статей
|f Академия наук Узбекской ССР, Институт химии; под ред. Х. Р. Рустамова
|
| 210 |
|
|
|a Ташкент
|c Фан
|d 1990
|
| 215 |
|
|
|a 248 с.
|c ил.
|
| 320 |
|
|
|a Библиография в конце статей
|
| 610 |
1 |
|
|a адсорбция
|
| 610 |
1 |
|
|a устойчивость
|
| 610 |
1 |
|
|a структурообразование
|
| 610 |
1 |
|
|a дисперсия
|
| 610 |
1 |
|
|a химия
|
| 610 |
1 |
|
|a минералы
|
| 610 |
1 |
|
|a сорбенты
|
| 675 |
|
|
|a 544.77
|v 3
|
| 702 |
|
1 |
|a Рустамов
|b Х. Р.
|4 340
|
| 712 |
0 |
2 |
|a Академия наук Узбекской ССР (АН УзССР)
|b Институт химии
|2 stltpush
|3 (RuTPU)RU\TPU\col\8034
|
| 801 |
|
1 |
|a RU
|b 63413507
|c 20060918
|g PSBO
|
| 801 |
|
2 |
|a RU
|b 63413507
|c 20130822
|g PSBO
|
| 942 |
|
|
|c BK
|